000 00576nam a2200193 a 4500
005 20140310183311.0
008 051020s19uu xx 00 eng d
020 _a971542158X
050 _aPL 6063.V82
_b.V712a 1998
100 _aVillanueva, Rene O.
245 _aApat na dula /
_cRene O. Villanueva.
260 _aPhilippines :
_bUniversity of the Philippine Press and Creative Writing Center,
_c1998.
300 _a196 p. :
_c23 cm.
521 _aMC
650 _aFilipino drama.
650 _aPhilippine drama (Filipino).
942 _cBK
_2lcc
_kLOC
999 _c21158
_d21158